NLSUI OPAC header image

Modern forensics for crime investigation : Practice and procedure (Record no. 29809)

MARC details
000 -LEADER
fixed length control field 00880nam a2200217Ia 4500
003 - CONTROL NUMBER IDENTIFIER
control field OSt
005 - DATE AND TIME OF LATEST TRANSACTION
control field 20210412153425.0
008 - FIXED-LENGTH DATA ELEMENTS--GENERAL INFORMATION
fixed length control field 160316s2008 xxu||||| |||| 00| 0 eng d
020 ## - INTERNATIONAL STANDARD BOOK NUMBER
International Standard Book Number 9798188058753
040 ## - CATALOGING SOURCE
Transcribing agency NLS
082 ## - DEWEY DECIMAL CLASSIFICATION NUMBER
Classification number 363.25 PRA
100 ## - MAIN ENTRY--PERSONAL NAME
Personal name Prabhakaran T
245 ## - TITLE STATEMENT
Title Modern forensics for crime investigation : Practice and procedure
260 ## - PUBLICATION, DISTRIBUTION, ETC.
Place of publication, distribution, etc. Kochi
Name of publisher, distributor, etc. Law Books Centre
Date of publication, distribution, etc. 2008
300 ## - PHYSICAL DESCRIPTION
Extent 504p
365 ## - TRADE PRICE
Price amount Rs. 460
505 ## - FORMATTED CONTENTS NOTE
Formatted contents note Contents:<br/>• Blood.<br/>• DNA Analysis.<br/>• Hair Analysis.<br/>• Brain Mapping.<br/>• Bite Mark & Forensic Odontology.<br/>• Fibre.<br/>• Narco Analysis.<br/>• Fingerprint.<br/>• Firearms and Crime.<br/>• Digital Evidence.<br/>• Footwear and Tire Impression Evidence.
650 ## - SUBJECT ADDED ENTRY--TOPICAL TERM
Topical term or geographic name entry element 1.Criminology - Crime - Investigation 2.Crime Investigation - Postmortems
700 ## - ADDED ENTRY--PERSONAL NAME
Personal name
--
942 ## - ADDED ENTRY ELEMENTS (KOHA)
Source of classification or shelving scheme Dewey Decimal Classification
Koha item type BOOKs
Holdings
Withdrawn status Lost status Damaged status Not for loan Home library Current library Shelving location Date acquired Cost, normal purchase price Total Checkouts Full call number Barcode Date last seen Date last checked out Price effective from Koha item type
        . .   30.05.2017 460.00 1 363.25 PRA 27159 12.04.2021 12.04.2021 30.05.2017 BOOKs